000 00207 a2200097 4500
001 42356
100 _aHarris H
245 _aModel Soldiers
260 _a
_bWeidenfeld & Nicolson
_c
090 _c26291
_d26291
942 _aNUST-CAE
_cM
_c18104
999 _c277429
_d277429